The noble scholar, jurist, historian


 His Excellency Dr. Abdul Wahhab bin Ibrahim Abu Sulaiman, may Allah have mercy on him.


 He was born in Umm Al-Qura in the year 1356 AH.

الموسوعة في نماذج وصيغ العقود وأحكامها / (Record no. 2382)

MARC details
000 -LEADER
fixed length control field 01094cam a22002651ia4500
003 - CONTROL NUMBER IDENTIFIER
control field SA-RiAUC
005 - DATE AND TIME OF LATEST TRANSACTION
control field 20241116084028.0
008 - FIXED-LENGTH DATA ELEMENTS--GENERAL INFORMATION
fixed length control field 241116s2001 ua f e 00000 ara c
014 ## -
-- 07201087257
040 ## - CATALOGING SOURCE
Original cataloging agency SA-MaUQU
Language of cataloging ara
Transcribing agency SA-RiAUC
Description conventions rda
043 ## - GEOGRAPHIC AREA CODE
Geographic area code f-ua---
082 00 - DEWEY DECIMAL CLASSIFICATION NUMBER
Classification number 346.02
Item number أ م م
082 04 - DEWEY DECIMAL CLASSIFICATION NUMBER
Classification number 346.620203
Assigning agency SA-RiAUC
100 1# - MAIN ENTRY--PERSONAL NAME
Personal name ابن محفوظ، عبد الله مرعي مبارك،
Dates associated with a name 1387 هجري-
Relator term مؤلف.
245 12 - TITLE STATEMENT
Title الموسوعة في نماذج وصيغ العقود وأحكامها /
Statement of responsibility, etc. عبد الله مرعي بن محفوظ، أحمد موسى الحفناوي.
264 #1 - PRODUCTION, PUBLICATION, DISTRIBUTION, MANUFACTURE, AND COPYRIGHT NOTICE
Place of production, publication, distribution, manufacture القاهرة :
Name of producer, publisher, distributor, manufacturer الدار الهندسية،
Date of production, publication, distribution, manufacture, or copyright notice 2001
-- [1422]
300 ## - PHYSICAL DESCRIPTION
Extent 3 مجلد ؛
Dimensions 24 سم
336 ## - CONTENT TYPE
Content type term نص
Content type code txt
Source rdacontent
Materials specified كتاب
337 ## - MEDIA TYPE
Media type term بدون وسيط
Media type code n
Source rdamedia
338 ## - CARRIER TYPE
Carrier type term مجلد
Carrier type code nc
Source rdacarrier
540 ## - TERMS GOVERNING USE AND REPRODUCTION NOTE
Terms governing use and reproduction شركة العبيكان.
650 #7 - SUBJECT ADDED ENTRY--TOPICAL TERM
Topical term or geographic name entry element العقود (قانون مدني)
Geographic subdivision مصر
Form subdivision دوائر معارف
Source of heading or term aucsh
700 1# - ADDED ENTRY--PERSONAL NAME
Personal name الحفناوي، أحمد موسى
Relator term مؤلف.
949 ## - LOCAL PROCESSING INFORMATION (OCLC)
a SA-JeALM
d 241116
u khaled123
n 1

No items available.